000 00338nam a2200145Ia 4500
008 150301s2013 xx 000 0 und d
082 _a616.5
_bI13P
100 _aPASRICHA, JS
245 _aILLUSTRATED TB. OF DERMATOLOGY
250 _a4TH
260 _bJAYPEE
_aDELHI
_c2013
300 _a191
650 _aDERMATOLOGY
942 _2ddc
_cBK
999 _c6569
_d6569